La Imatge i la recerca històrica : ponències i comunicacions : II Jornades Antoni Varés ponències i comunicacions :
Descripción Física:
198 p. : il. ; 30 cm
Colección:
Col·lecció Textos i Documents ; 5
MARC
| LEADER | 00000nam a2200000Ia 4500 | ||
|---|---|---|---|
| 001 | 9815 | ||
| 008 | 160829s9999 xx 000 0 cat d | ||
| 080 | |a A-1-20 | ||
| 111 | 2 | |a Jornades Antoni Varés |n (2es : |d 1992 : |c Girona, Catalunya) |9 55733 | |
| 245 | |a La Imatge i la recerca històrica : |b ponències i comunicacions : |b II Jornades Antoni Varés | ||
| 260 | |a Girona : |b Ajuntament de Girona, dl 1992 | ||
| 300 | |a 198 p. : |b il. ; |c 30 cm | ||
| 490 | |a Col·lecció Textos i Documents ; 5 | ||
| 650 | |a Varés, Antoni |x Filmografia |9 32135 | ||
| 650 | |a Fotografia en la historiografia |x Congressos |9 24803 | ||
| 650 | |a Cinematografia en la historiografia |x Congressos I |9 32136 | ||
| 650 | |a Arxius audiovisuals |x Congressos |9 32137 | ||
| 650 | 0 | |a Fototeques |x Congressos |9 32138 | |
| 710 | 1 | |a Girona (Catalunya). |b Ajuntament |9 54942 | |
| 901 | |a Arxiu | ||
| 942 | |n 1 | ||
| 952 | |0 0 |1 0 |4 0 |6 A120 |7 1 |9 45881 |a Arxiu |b Arxiu |d 2016-12-01 |l 0 |o A-1-20 |p 9815 |r 2016-12-01 00:00:00 |w 2016-12-01 |y ARXIU | ||
| 999 | |c 49382 |d 49382 | ||